000 00580nam a2200169 4500
001 136426
003 ES-MaACL
005 20230906195127.0
007 t|
008 070214m19021904sp r ||||1| spa d
100 1 _aSádaba y García del Real, Ricardo.
_9101275
245 1 0 _aTratado de farmacia práctica
_b: o enseñanza de laboratorio y oficina /
_cRicardo Sádaba y García del Real.
250 _anovísima edición, refundida y aumentada.
260 _aMadrid :
_bLib. de Hernando y Cia.,
_c1902-4.
300 _a2 v. :
_bil. ;
_c23 cm.
852 _aES-MaACL
_jD-4069-70
999 _c136426
_d136426